000 00518nam a2200193 i 4500
001 7394
003 ES-MaACL
005 20230906145227.0
007 t|
008 901219s1990 fr ||||1| fre d
020 _a2-225-82094-5
080 _a90
100 1 _aWalch, Jean.
_9115891
245 1 0 _aHistoriographie structurale /
_cpar Jean Walch.
260 _aParis [etc.] :
_bMasson,
_c1990.
300 _a351 p. ;
_c24 cm.
650 1 4 _aHistoriografía.
_913439
852 _aES-MaACL
_jL-14633
_bR.118650
_z. - rust.
999 _c7394
_d7394